000 00321 a2200157 4500
001 164802
020 _a
040 _cMagnum
100 _aAlimonda, Hector
240 1 0 _aA revolucao mexicana
_lpor
245 1 0 _aA revolucao mexicana
362 0 _a1899
440 1 _aÁtica
697 _aPARADIDATICO
942 _cBK
999 _c164802
_d164802